00448nam a2200085Ia 4500008004100000245002400041300022500065650001600290856005600306170517s9999 xx 000 0 und d aLive Long Die Young aIn research facilities across the globe, scientists have found a way to extend the life span of a typical laboratory mouse by up to 50%. Could the same result be made possible for humans? Live Long Die Young, produced... xTechnology. uhttp://topdocumentaryfilms.com/live-long-die-young/